Datum a čas kvízu
38.5
Celkem bodů
Celkový počet nahraných bodů na tomto kvízu bez doplňovacích otázek.
3.
Pořadí na kvízu
Konečné umístění týmu na tomto kvízu.
Zaznamenané odpovědi
| # | Otázka | Odpověď | Body | Výsledky |
|---|---|---|---|---|
| 1. | Která poslankyně zvolená za SP... | Markéta Šichtařová | 1 | |
| 2. | Britské bankovky budou mít nov... | C | 0 | |
| 3. | V poslanecké sněmovně proběhl... | v (lidovém) kroji | 1 | |
| 4. | V rámci oslav 75. výročí od vz... | Escherichia coli (E. coli) | 1 | |
| 5. | V závěrečné fázi Ligy mistrů U... | Antonín Kinský; Tottenham (Hotspur FC) | 1 | |
| 6. | Nejrozšířenějším „národním spo... | D | 0 | |
| 7. | Za národní sport lze považovat... | národní házená (česká házená) | 1 | |
| 8. | Podle anglické Wikipedie exist... | o Kanadě | 1 | |
| 9. | U uzákoněných národních sportů... | polo; basketbal | 0.5 | |
| 10. | I medailové úspěchy z olympijs... | D | 1 |